header

Agronomy of grassland systems (Record no. 26906)

MARC details
000 -LEADER
fixed length control field 01299nam a2200349 a 4500
082 04 - DEWEY DECIMAL CLASSIFICATION NUMBER
Classification number 633.2/02
100 1# - MAIN ENTRY--AUTHOR NAME
Personal name Pearson, C. J.
245 10 - TITLE STATEMENT
Title Agronomy of grassland systems
250 ## - EDITION STATEMENT
Edition statement 2nd ed.
260 ## - PUBLICATION, DISTRIBUTION, ETC. (IMPRINT)
Place of publication Cambridge [England] ;
-- New York, NY, USA :
Name of publisher Cambridge University Press,
Year of publication 1997.
300 ## - PHYSICAL DESCRIPTION
Number of Pages xii, 222 p. :
Other physical details ill., maps.
650 #0 - SUBJECT ADDED ENTRY--TOPICAL TERM
Topical Term Pastures.
Topical Term Grasses.
Topical Term Range management.
700 1# - ADDED ENTRY--PERSONAL NAME
Personal name Ison, R. L.
856 40 - ELECTRONIC LOCATION AND ACCESS
Uniform Resource Identifier http://site.ebrary.com/lib/rucke/Doc?id=10014979

No items available.

© 2026 Rongo University
Contact us: librarian | system librarian | Rongo university